Statistiques concernant Les équipes ayant remporté le plus de titre par pays

Cliquez ici pour prendre le quiz!

Statistiques générales

  • Ce quiz a été pris 227 fois
  • Le résultat moyen est 13 sur 26

Statistiques - réponses

ChampionnatClubNombre de fois% Correct
Bundesliga (Allemagne)FC Bayern Munich29
100%
Serie A (Italie)Juventus Turin35
93%
La Liga (Espagne)Real Madrid33
92%
Ligue 1 (France)AS Saint-Étienne10
87%
Premier League (Angleterre)Manchester United20
87%
Eredivisie (Pays-Bas)Ajax Amsterdam34
80%
Liga NOS (Portugal)SL Benfica37
78%
Süper Lig (Turquie)Galatasaray SK22
70%
Scottish Premiership (Ecosse)Glasgow Rangers54
60%
Jupiler Pro League (Belgique)RSC Anderlecht34
56%
Prva HNL (Croatie)Dinamo Zagreb20
54%
Primera división (Argentine)River Plate36
53%
Superligaen (Danemark)KB Copenhague15
50%
Superleague Elláda (Grèce)Olympiakos44
46%
Allsvenskan (Suède)Malmö FF20
41%
Tipico Bundesliga (Autriche)Rapid Vienne32
39%
Première Ligue (Russie)Spartak Moscou10
30%
Championship (Angleterre)Leicester City / Manchester City7
28%
Major League Soccer (USA)Los Angeles Galaxy5
28%
Eliteserien (Norvège)Rosenborg BK26
27%
Ligue 2 (France)AS Nancy-Lorraine / Le Havre AC5
24%
Super League (Suisse)Grasshopper27
17%
Brasileirão (Brésil)SE Palmeiras10
15%
Bundesliga 2 (Allemagne)FC Nuremberg4
8%
Serie B (Italie)Atalanta Bergame / Genoa FC6
6%
La Liga 2 (Espagne)Real Murcie8
1%

Distribution des résultats

Percentile par nombre de réponses

% des personnes avec chaque résultat

Votre développement - résultats

Vous n’avez pas pris ce quiz